Vnútorný marketing stredísk cestovného ruchu
Ponuka služieb a jej produkcia v stredisku cestovného ruchu - trhové zvôvodnenie vnútorného marketingu. Úrad cestovného ruchu ako inštitúcia vnútorného marketingu.
Salvato in:
| Autore principale: | |
|---|---|
| Natura: | Capitolo di libro |
| Lingua: | slovacco |
| Soggetti: | |
| Tags: |
Nessun Tag, puoi essere il primo ad aggiungerne!!
|
MARC
| LEADER | 00000naa a2200000 4500 | ||
|---|---|---|---|
| 001 | r016243 | ||
| 005 | 20221205075739.6 | ||
| 041 | 0 | |a slo | |
| 044 | |a SK | ||
| 245 | 1 | 0 | |a Vnútorný marketing stredísk cestovného ruchu |c K. Wohler |
| 520 | |a Ponuka služieb a jej produkcia v stredisku cestovného ruchu - trhové zvôvodnenie vnútorného marketingu. Úrad cestovného ruchu ako inštitúcia vnútorného marketingu. | ||
| 610 | 2 | 0 | |a ruch cestovný |
| 610 | 2 | 0 | |a marketing |
| 610 | 2 | 0 | |a strediská ruchu cestovného |
| 610 | 2 | 0 | |a politika ruchu cestovného |
| 610 | 2 | 0 | |a podnik komunálny |
| 610 | 2 | 0 | |a služby |
| 610 | 2 | 0 | |a hotely |
| 100 | 1 | |a Wohler, K. | |